What Movie? Back to the Camera III Quiz Stats

Quiz Updated Mar 25, 2016

Challenge
Share
Tweet
Score 0/25 Timer 08:00
5 Plays Today
% Correct
Captain America: The Winter Soldier
98.1%
Home Alone
93.9%
Tron: Legacy
82.5%
Napoleon Dynamite
76.2%
Walk the Line
69.3%
The Goonies
60.2%
Pulp Fiction
52.5%
The Ring
48.9%
Gladiator
48.8%
Foxcatcher
48.1%
Big Hero 6
46.3%
Lemony Snicket's A Series of Unfortunate Events
41.8%
Birdman or (The Unexpected Virtue of Ignorance)
39.8%
% Correct
A Clockwork Orange
38.7%
Gone with the Wind
37.7%
9
33.1%
Footloose
31.6%
Pan's Labyrinth
29.2%
Gone Girl
28.8%
John Carter
26.7%
First Blood
25.7%
The Talented Mr. Ripley
25%
The Assassination of Jesse James by the Coward Robert Ford
18%
The Third Man
10%
Under the Skin
7%

You're not logged in!

Compare scores with friends on all Sporcle quizzes.
Sign Up with Email
OR
Log In

You Might Also Like...

Show Comments

Extras

Top Quizzes Today


Score Distribution

Your Account Isn't Verified!

In order to create a playlist on Sporcle, you need to verify the email address you used during registration. Go to your Sporcle Settings to finish the process.